000 00580nam a2200157 a 4500
008 120416s1982 ||||||||||||||||| || u
020 _a0521288126
050 _aQC 73 Har
100 _aHarman, P. M
245 1 0 _aEnergy, force and matter: the conceptual development of ninenteenth century physics
260 _aCambridge:
_bCUP
_c1982
350 _a0.00
650 _aFORCE AND ENERGY--HISTORY
650 _aPHYSICS--HISTORY
995 _D0.00
_FCBU-MAIN LIBRARY (Kitwe)
_H1
_I0.00
_UAVAILABLE
_ZAnnex Low-Usage Collection
999 _c41869
_d41869